| 000 | 00493nam a22001457a 4500 | ||
|---|---|---|---|
| 005 | 20250208203657.0 | ||
| 008 | 250208b |||||||| |||| 00| 0 eng d | ||
| 020 | _a0887375715 | ||
| 050 |
_aRC954 _b.D48 |
||
| 245 |
_aDetermining the Future of Gerontological Nursing Education: Partnerships between Education and Practice/ _ceditor; Christine Heine |
||
| 260 |
_aNew York _bNational League for Nursing Press _c1993 |
||
| 300 |
_axx. 99p. _c23cm |
||
| 700 | _aHeine, Christine | ||
| 942 |
_2lcc _cBK _n0 |
||
| 999 |
_c3711 _d3711 |
||